| 000 | 00597nam a2200181 a 4500 | ||
|---|---|---|---|
| 001 | 000016908 | ||
| 005 | 20200929165001.0 | ||
| 008 | 100312s1976 dr 000 0 spa d | ||
| 040 |
_aDO-SdBNP _bspa _cBNPHU |
||
| 082 |
_axxx _bC965a |
||
| 245 | 0 | 0 |
_a¿Cuesta arriba o cuesta abajo? : _b(un análisis crítico de los textos de letura de primaria) / _cAna Boggio ... [et al.]. |
| 260 |
_aSanto Domingo : _bAlfa y Omega, _c1976. |
||
| 300 |
_a159 p. : _bil. ; _c19 cm. |
||
| 700 | 1 |
_aLora, Carmen _937404 |
|
| 700 | 1 |
_aRiofrío, Gustavo _937405 |
|
| 700 | 1 |
_aRoncagliolo, Rafael _937406 |
|
| 049 | _aBNPD | ||
| 999 |
_c16440 _d16440 |
||